Bauhaus on the Carmel and the crossroads of empire : (Record no. 24174)

000 -LEADER
fixed length control field 01246cam a2200313 a 4500
001 - CONTROL NUMBER
control field 657129
003 - CONTROL NUMBER IDENTIFIER
control field OSt
005 - DATE AND TIME OF LATEST TRANSACTION
control field 20170128091238.0
008 - FIXED-LENGTH DATA ELEMENTS--GENERAL INFORMATION
fixed length control field 940126s1993 is a b 001 0 eng
010 ## - LIBRARY OF CONGRESS CONTROL NUMBER
LC control number 94109528
020 ## - INTERNATIONAL STANDARD BOOK NUMBER
International Standard Book Number 9652171034
040 ## - CATALOGING SOURCE
Original cataloging agency DLC
Transcribing agency DLC
Modifying agency DLC
043 ## - GEOGRAPHIC AREA CODE
Geographic area code a-is---
050 00 - LIBRARY OF CONGRESS CALL NUMBER
Classification number NA1478.H35
Item number H47 1993
082 00 - DEWEY DECIMAL CLASSIFICATION NUMBER
Classification number 720/.95694/6
Edition number 20
100 1# - MAIN ENTRY--PERSONAL NAME
Personal name Herbert, Gilbert.
245 10 - TITLE STATEMENT
Title Bauhaus on the Carmel and the crossroads of empire :
Remainder of title architecture and planning in Haifa during the British mandate /
Statement of responsibility, etc. Gilbert Herbert and Silvina Sosnovsky.
260 ## - PUBLICATION, DISTRIBUTION, ETC. (IMPRINT)
Place of publication, distribution, etc. Jerusalem :
Name of publisher, distributor, etc. Yad Izhak Ben-Zvi,
Date of publication, distribution, etc. c1993.
300 ## - PHYSICAL DESCRIPTION
Extent 294 p. :
Other physical details ill. ;
Dimensions 25 cm.
504 ## - BIBLIOGRAPHY, ETC. NOTE
Bibliography, etc Includes bibliographical references (p. [279]-285) and index.
650 #0 - SUBJECT ADDED ENTRY--TOPICAL TERM
Topical term or geographic name as entry element Architecture
Geographic subdivision Israel
-- Haifa
General subdivision History
Chronological subdivision 20th century.
650 #0 - SUBJECT ADDED ENTRY--TOPICAL TERM
Topical term or geographic name as entry element City planning
Geographic subdivision Israel
-- Haifa
General subdivision History
Chronological subdivision 20th century.
651 #0 - SUBJECT ADDED ENTRY--GEOGRAPHIC NAME
Geographic name Haifa (Israel)
General subdivision Buildings, structures, etc.
700 1# - ADDED ENTRY--PERSONAL NAME
Personal name Sosnovsky, Silvina.
906 ## - LOCAL DATA ELEMENT F, LDF (RLIN)
a 7
b cbc
c orignew
d 3
e ncip
f 19
g y-gencatlg
942 ## - ADDED ENTRY ELEMENTS (KOHA)
Source of classification or shelving scheme
Koha item type Hard Covered Materials
Classification part NA 1478 .H35H47 1993
Holdings
Withdrawn status Lost status Source of classification or shelving scheme Damaged status Not for loan Home library Current library Shelving location Date acquired Source of acquisition Total Checkouts Full call number Barcode Date last seen Price effective from Koha item type
          MACHAKOS UNIVERSITY LIBRARY MACHAKOS UNIVERSITY LIBRARY Technical section 28/01/2017 Donation (BFA)   NA 1478 .H35H47 1993 32492 18/07/2018 28/01/2017 Hard Covered Materials
© Machakos University Library, Along The Highway, Machakos Wote Rd, Machakos, Kenya P.O. Box 136 - 90100 Machakos - Kenya

Tel: ( +254 ) 723 805829 OR Fax : 044-20353 OR Email: library@mksu.ac.ke